Beethoven : Người chiến thắng số phận

Cuộc đời và sự nghiệp của nhà soạn nhạc Beethoven

Uloženo v:
Podrobná bibliografie
Médium: Kniha
Jazyk:Undetermined
Vydáno: Thành phố Hồ Chí Minh Nxb. Đại học Sư phạm Thành phố Hồ Chí Minh 2012
Témata:
Tagy: Přidat tag
Žádné tagy, Buďte první, kdo otaguje tento záznam!
Thư viện lưu trữ: Trung tâm Học liệu Trường Đại học Cần Thơ
LEADER 00856nam a2200217Ia 4500
001 CTU_196969
008 210402s9999 xx 000 0 und d
020 |c 45000 
082 |a 895.922802 
082 |b B415 
245 0 |a Beethoven : 
245 0 |b Người chiến thắng số phận 
245 0 |c Phùng Minh Hiền, Dương Minh Khôi (sưu tầm - biên dịch- giới thiệu) 
260 |a Thành phố Hồ Chí Minh 
260 |b Nxb. Đại học Sư phạm Thành phố Hồ Chí Minh 
260 |c 2012 
520 |a Cuộc đời và sự nghiệp của nhà soạn nhạc Beethoven 
650 |a Celebrities,Danh nhân 
650 |x Biography,Tiểu sử 
904 |i Nguyên (Tuyến sửa cutter K600 thành B415) 
980 |a Trung tâm Học liệu Trường Đại học Cần Thơ